000 00689cam a2200229 4500500
005 20260329002809.0
041 _afre
042 _adc
100 1 0 _aLacroix, Alexandre
_eauthor
245 0 0 _aAffaire du bijoutier de Nice: un braquage du contrat social?
260 _c2013.
500 _a56
690 _aAlexandre Lacroix
690 _aBijoutier de Nice
690 _aContrat social
690 _aFacebook
690 _aFait divers
690 _aHobbes
690 _aJustice
786 0 _nPhilosophie magazine | 74 | 11 | 2013-11-01 | p. 2-2 | 1951-1787
856 4 1 _uhttps://shs.cairn.info/magazine-philosophie-magazine-2013-11-page-2?lang=fr&redirect-ssocas=7080
999 _c1818459
_d1818459